Tratado latinoamericano de sociología del trabajo (Record no. 114036)
[ view plain ]
| 000 -LEADER | |
|---|---|
| fixed length control field | 00976nam a22002417a 4500 |
| 005 - DATE AND TIME OF LATEST TRANSACTION | |
| control field | 20160301090927.0 |
| 008 - FIXED-LENGTH DATA ELEMENTS--GENERAL INFORMATION | |
| fixed length control field | 120312t mx||||| |||| 00| 0 spa d |
| 020 ## - INTERNATIONAL STANDARD BOOK NUMBER | |
| International Standard Book Number | 9681660269 |
| 050 04 - LIBRARY OF CONGRESS CALL NUMBER | |
| Classification number | HD6957.L29 |
| Item number | T73 2000 |
| 245 00 - TITLE STATEMENT | |
| Title | Tratado latinoamericano de sociología del trabajo |
| Statement of responsibility, etc | / Juan José Castillo,...[et al.] ; Enrique de la Garza Toledo (coordinador) |
| 250 ## - EDITION STATEMENT | |
| Edition statement | 1a ed.1a.reimp. |
| 260 ## - PUBLICATION, DISTRIBUTION, ETC. (IMPRINT) | |
| Place of publication, distribution, etc | México : |
| Name of publisher, distributor, etc | El Colegio de México, Facultad Latinoamericana de Ciencias Sociales, Universidad Autónoma Metropolitana, Fondo de Cultura Económica, |
| Date of publication, distribution, etc | 2000 |
| 300 ## - PHYSICAL DESCRIPTION | |
| Extent | 796 p. ; |
| Dimensions | 23 cm. |
| 490 0# - SERIES STATEMENT | |
| Series statement | Sociología |
| 504 ## - BIBLIOGRAPHY, ETC. NOTE | |
| Bibliography, etc | Incluye apéndice, bibliografias e índice |
| 650 #7 - SUBJECT ADDED ENTRY--TOPICAL TERM | |
| Source of heading or term | Lemb |
| Topical term or geographic name as entry element | Sociología industrial |
| Geographic subdivision | América Latina |
| 650 #4 - SUBJECT ADDED ENTRY--TOPICAL TERM | |
| Topical term or geographic name as entry element | Trabajo |
| Geographic subdivision | América Latina |
| 700 1# - ADDED ENTRY--PERSONAL NAME | |
| Personal name | Garza Toledo, Enrique de la, |
| Relator term | coord. |
| 700 1# - ADDED ENTRY--PERSONAL NAME | |
| Personal name | Castillo, Juan José |
| Relator term | coaut. |
| 700 1# - ADDED ENTRY--PERSONAL NAME | |
| Personal name | Abramo, Laís |
| Relator term | coaut. |
| 700 1# - ADDED ENTRY--PERSONAL NAME | |
| Personal name | Montero, Cecilia |
| Relator term | coaut. |
| 942 ## - ADDED ENTRY ELEMENTS (KOHA) | |
| Source of classification or shelving scheme | Biblioteca del Cogreso de los Estados Unidos |
| Koha item type | Libro |
| Estado de pérdida | Fuente de clasificación | Estado del daño | No para préstamo | Ubicación permanente | Ubicación actual | Apartado o colección | Fecha de adquisición | Enumeración de Serie / Cronológica | Área del conocimiento | Total Checkouts | Clasificación | Código de Barras | Date last seen | Date checked out | Número de copia | Tipo de recurso | Costo por reposición |
|---|---|---|---|---|---|---|---|---|---|---|---|---|---|---|---|---|---|
| Biblioteca del Cogreso de los Estados Unidos | Biblioteca de la Facultad de Psicología | Biblioteca de la Facultad de Psicología | General | 01/03/2016 | BFP000011204 | Ciencias de la Salud | 1 | HD6957.L29 T73 2000 | BFP000011204 | 21/11/2019 | 14/11/2019 | 1 | Libro | ||||
| Biblioteca del Cogreso de los Estados Unidos | Biblioteca de la Facultad de Psicología | Biblioteca de la Facultad de Psicología | General | 17/01/2017 | BFP000011678 | Ciencias de la Salud | HD6957.L29 T73 r2003 | BFP000011678 | 17/01/2017 | 2 | Libro | ||||||
| Biblioteca del Cogreso de los Estados Unidos | Biblioteca de la Facultad de Psicología | Biblioteca de la Facultad de Psicología | General | 17/01/2017 | BFP000011677 | Ciencias de la Salud | HD6957.L29 T73 r2003 | BFP000011677 | 17/01/2017 | 3 | Libro | 1.00 |